Czym można polewać? - Statystyki

Ogólne statystyki
  • Ten quiz został rozwiązany 9 razy
  • Średni wynik to 1 z 5
Statystyki odpowiedzi
Hint Odpowiedź % Poprawnych
2. Wodą
86%
3. Alkoholem
14%
4. Sosem
14%
1. Szampanem
14%
5. Nawozem
0%
Nie znaleziono quizów pasujących do podanych kryteriów
Rozkład punktacji
Procent ludzi z każdym wynikiem
Percentyl według liczby udzielonych odpowiedzi
Twoja historia wyników
Nie rozwiązałeś tego quizu